ILLIT quiz - Statistics

General Stats
  • This quiz has been taken 1,028 times
  • The average score is 15 of 24
Answer Stats
Hint Answer % Correct
Who’s the oldest in ILLIT Yunah
97%
Who’s ILLIT’s maknae Iroha
96%
The debut song? Magnetic
92%
Which member is often called “fake maknae” Wonhee
85%
Which member has the nickname “Kim” as a surname Moka
79%
Who was won 3rd in the survival show Minju
78%
How many members were born in 2004 3
77%
What was the show ILLIT was formed from R U NEXT
76%
What are ILLIT’s fans called Gllit
75%
Who’s ILLIT former member Youngseo
71%
What year was Wonhee born in 2007
70%
What is their first mini album Super real me
68%
What month did they debut March
67%
What generation is ILLIT from 5th
63%
What was ILLIT name before ILLIT I‘LL-IT
60%
What was the first name they called fans LILLY
55%
Which song is also a popular acronym IYKYK
51%
Which song is also the title of their mini album I’ll like you
49%
What is Minju surname Park
47%
Yunah is often compared to which ENHYPEN member Heeseung
46%
What song did Iroha co-write on Midnight fiction
39%
Moka has a birthmark on her what Nose
37%
What’s Yunah’s representative animal Cheetah
33%
What body part did Moka and Wonhee both injured Foot
32%
No matching quizzes found
Score Distribution
Percent of People with Each Score
Percentile by Number Answered
Your Score History
You have not taken this quiz